Quizzes
Events
Quiz Creation
Community
Videos
Private Events
Remove Ads
Sign In
Join for FREE
Feedback
Dark Mode
Quiz Categories
Sports
Geography
Music
Movies
Television
Just For Fun
Miscellaneous
History
Literature
Language
Science
Gaming
Entertainment
Religion
Holiday
For Kids
Quiz Lab
Recent
Popular Today
Quiz Kudos Today
Editor Picks
Curator Picks
Quizzes by...
Day
Popularity
Type
Ratings
Length
Year
Community
Subscriptions
Recent Discussions
Orange Saloon
Badges
Playlists
Quests
Create
Leaderboards
Showdown
Live 5
Trivia Bingo
Activity
Puzzle Library
Sporcle Events
Private Events
Virtual Trivia
Globe League
Become a Host
Pub Owners
SporcleCon
Opinionation
Our Games
Videos
Blog
Mobile Apps
Partnerships
Remove Ads and Go Orange
Feedback
Miscellaneous
Crossword
General Knowledge
Baby Names
Logo
Food
Cars
Numbers
Grab Bag
University
College
Popular
Company
Slogans
Restaurants
Justice
Letter
Miscellaneous
Crossword
General Knowledge
Baby Names
Logo
Food
Cars
Numbers
Grab Bag
University
College
Popular
Company
Slogans
Restaurants
Justice
Letter
Random Quiz
Search Sporcle
×
Quiz Lab
Quiz Lab
Miscellaneous
State
Type in answers that appear in a list
Type in answers that appear in a list
Classic
Best Score? Go Orange.
Illegal Drugs Stats
Can you name the Illegal Drugs as stated by the UK Home Office?
By
JDass
10m
14 Questions
3,060 Plays
3,060 Plays
3,060 Plays
Comments
Comments
Give Quiz Kudos
Give Quiz Kudos
-
- Ratings
hide this ad
Replay
Link that replays current quiz
Next Quiz
Link to next quiz in quiz playlist
You Got
0%
They Got
Avg Score
48%
Avg Friend Score
Upgrade to see
Score Distribution
Jump to the score distribution portion of the page
Score
0/14
Timer
10:00
0
Plays Today
Class
Drug
% Correct
Class A
Cocaine
93.6%
Class A
Heroin
91%
Class B
Cannabis
90.6%
Class B
Methylphenidate (Ritalin)
74.8%
Class A
LSD
70%
Class A
Crack
67.7%
Class A
Ecstasy
51%
Class
Drug
% Correct
Class A
Magic Mushrooms
50.8%
Class C
Ketamine
35.4%
Class A
Amphetamines (if prepared for injection)
20.1%
Class B
Amphetamines
20.1%
Class C
Gamma hydroxybutyrate (GHB)
12.3%
Class C
Tranquilisers
5.6%
Class B
Pholcodine
1%
Quiz Playlist
Details
Report
Send in Message
Add To Playlist
Classic:
Type in answers that appear in a list
Quiz Source
Last Updated: Feb 16, 2017
Quiz Scoreboard
CHALLENGE
Sign Up to Join the Scoreboard
Show All
Scores
Hide
Comments
May contain spoilers
Recently Published
Click the 1999 NBA Draft
by nibperrychub
Sports
2m
Alphabetical 'K' Countries by Flag Minefield
by ylime102
Geography
3m
Pick 6: Fruits
by JohnFran
Miscellaneous
15s
More to Explore
Quiz From the Vault
Featured Blog Post
15 Basketball Trivia Facts You Can Be March Mad About
hide this ad
You Might Also Like...
Tags
State Quiz
class
Drug
home
illegal
Illegal Drugs
office
Today's Top Quizzes in Miscellaneous
Browse Miscellaneous
hide this ad
Today's Top Quizzes in State
Browse State
Top Contributed Quizzes in Miscellaneous
1
Spring Months consonants
2
Pick 6: Vegetables
3
Pick 6: Supreme Pizza
4
Four Seasons
5
Guess the 'S' Things in 3 Words
6
Pick 6: University Mascots
7
The JOE quick-fire general knowledge quiz: Day 166
8
Sporcle Acrostic Puzzle XXXV
9
Guess the 'T' Things in 3 Words
10
Guess the 'V' Things in 3 Words
Explore More
Trending Topics
NBA
Kpop
Anime
Marvel
Disney
Crossword
Harry Potter
Puzzle
Country
Pokémon
NFL
The Office
WWE
Song
Soccer
hide this ad
More By:
JDass
Quiz
Plays
Rating
Category
Featured
Created
IPL Cricket Teams
31,743
3.46
Sports
Sep 28, 2009
Illegal Drugs
3,060
2.50
Miscellaneous
Oct 16, 2009
Largest Cities In England -By Population
1,541
3.00
Geography
Sep 28, 2009
International Cricket Grounds
1,421
3.00
Sports
Sep 28, 2009
England Cricket Contracted Players
726
2.50
Sports
Nov 11, 2009
Go to Creator's Profile
Score Distribution
Quiz Creator Spotlight
JDass
Follow
Send a Message
Quizzes Created
-
Created Quiz Play Count
-
More By This Creator
Popular Quizzes Today
1
Find the US States - No Outlines Minefield
2
Countries of Asia Without Outlines Minefield
3
Pick 6: Fruits
4
The Countries of the World
5
Alphabetical 'K' Countries by Flag Minefield
6
Click the 1999 NBA Draft
7
Match the Book to the Film X
8
Find the US States
More Miscellaneous Quizzes
'Best' List Bonanza
Published
Trending Quizzes
Pick 6: Harry Potter
Pick 6: Mountains
Pick 6: NFL Teams
Pick 6: Movie Franchises
Pick 6: Golfers
Recently Updated
Women's Final Four Teams by Year
bhenderson79
Presidents Quartet II
eogle
Anything But Clue(do)
eogle
Anything But Oceanian Capitals
eogle
Anything But 7
eogle
Anything But Thing
eogle
Word Ladder: February 29
pecheneg
Song Title Questions
pecheneg
Women's NCAA Tournament #1 Seeds
pecheneg
Celebrity Mug Shots
pecheneg
Trending Topics
Marvel
Anime
Crossword
Kpop
Disney
NBA
Harry Potter
The Office
WWE
Country
Puzzle
Pokémon
Song
Soccer
NFL
Your Account Isn't Verified!
In order to create a playlist on Sporcle, you need to verify the email address you used during registration. Go to your
Sporcle Settings
to finish the process.
Report this User
Report this user for behavior that violates our
Community Guidelines
.
Details:
Send Report
Go to the Sporcle.com Mobile Site →
Comments